Guess the Movie or Show from the Character - Statistics

General Stats
  • This quiz has been taken 61 times
  • The average score is 36 of 92
Answer Stats
Character Film / Show % Correct
Pennywise It
98%
Lightning McQueen Cars
78%
Mr. Incredible The Incredibles
78%
Ron Weasley Harry Potter
76%
Princess Fiona Shrek
74%
Darth Vader Star Wars
72%
Hermione Granger Harry Potter
70%
Gandalf The Lord of the Rings
70%
Jasmine Aladdin
68%
Luke Skywalker Star Wars
68%
Simba The Lion King
68%
Buzz Lightyear Toy Story
68%
Private Ryan Saving Private Ryan
66%
Mufasa The Lion King
66%
Optimus Prime Transformers
66%
Kevin McCallister Home Alone
62%
Woody Toy Story
62%
Walter White Breaking Bad
58%
Gru Despicable Me
56%
Jay Gatsby The Great Gatsby
56%
Will Hunting Good Will Hunting
54%
Mr. Miyagi The Karate Kid
52%
Ariel The Little Mermaid
52%
Rapunzel Tangled
50%
Katniss Everdeen The Hunger Games
50%
Judy Hopps Zootopia
50%
Frozone The Incredibles
48%
Frodo Baggins The Lord of the Rings
48%
Jafar Aladdin
46%
Belle Beauty and the Beast
46%
Mike Wheeler Stranger Things
46%
Patrick Bateman American Psycho
44%
Michael Myers Halloween
44%
Jesse Pinkman Breaking Bad
42%
Ferris Bueller Ferris Bueller's Day Off
42%
Phil Dunphy Modern Family
42%
Lord Farquaad Shrek
42%
Steve Harrington Stranger Things
42%
Dwight Schrute The Office
42%
Megatron Transformers
42%
Po Kung Fu Panda
40%
Claire Dunphy Modern Family
40%
Eric Cartman South Park
40%
Truman Burbank The Truman Show
40%
Captain Jack Sparrow Pirates of the Caribbean
38%
Neo The Matrix
38%
Michael Scott The Office
38%
Bella Swan Twilight
38%
Freddy Krueger A Nightmare on Elm Street
36%
Mater Cars
36%
Michael Scofield Prison Break
36%
Fiona Gallagher Shameless
36%
Jordan Belfort The Wolf of Wall Street
36%
Nick Wilde Zootopia
36%
Jake Peralta Brooklyn Nine-Nine | Brooklyn 99
34%
Amy Santiago Brooklyn Nine-Nine | Brooklyn 99
34%
Jack Skellington The Nightmare Before Christmas
34%
Rick Grimes The Walking Dead
34%
Rowley Jefferson Diary of a Wimpy Kid
32%
Greg Heffley Diary of a Wimpy Kid
32%
Tyler Durden Fight Club
32%
Regina George Mean Girls
32%
Frank Gallagher Shameless
32%
Brick Heck The Middle
32%
Dominic Toretto Fast & Furious
30%
Daryl Dixon The Walking Dead
30%
Edward Cullen Twilight
30%
Art the Clown Terrifier
28%
John Nolan The Rookie
28%
Alfredo Linguini Ratatouille
26%
Stan Marsh South Park
24%
Ragnar Lothbrok Vikings
24%
Lincoln Burrows Prison Break
22%
Tim Bradford The Rookie
22%
Hannah Baker 13 Reasons Why
20%
Light Yagami Death Note
20%
Jack Torrance The Shining
18%
Clay Jensen 13 Reasons Why
16%
Joe Goldberg You
16%
Richie Tozier It
12%
Brian O'Conner Fast & Furious
10%
Piper Chapman Orange is the New Black
10%
Kate Pearson This Is Us
10%
Jack Pearson This Is Us
10%
Jules Winnfield Pulp Fiction
8%
Travis Bickle Taxi Driver
8%
John Bennett Ted
6%
Noah Calhoun The Notebook
6%
Terrence Fletcher Whiplash
6%
Omni-Man Invincible
4%
Bubbles Trailer Park Boys
4%
Jesse Wallace Before Sunrise
2%
No matching quizzes found
Score Distribution
Percent of People with Each Score
Percentile by Number Answered
Your Score History
You have not taken this quiz